| 000 | 00428nam a2200145Ia 4500 | ||
|---|---|---|---|
| 008 | 190813s9999 xx 000 0 und d | ||
| 100 | _aO'Hanley, Heidi | ||
| 245 | _aWorking with paper-made projects/ | ||
| 245 | _cHeidi O'Hanley | ||
| 260 | _bPublisher's Development Corporation | ||
| 260 | _c2018 | ||
| 300 | _aPage 8, October 2018 | ||
| 440 |
_aArts and Activities: Paper, cardboard and collage _v164: 2 |
||
| 650 | _aArts | ||
| 999 |
_c362027 _d362027 |
||